000 01047cam a22002897a 4500
005 20170512124327.0
008 090730s2007 txua b 001 0 eng d
020 _a1597180297
020 _a9781597180290
040 _aWAU
_cWAU
_dCUY
_dYDXCP
_dDLC
_dCO-BoIAVH
041 _aeng
044 _axxu
082 0 4 _a005.55
_bS79a2
245 0 0 _aStata multivariate statistics reference manual :
_brelease 10.
246 1 4 _aStata release 10 :
_bmultivariate statistics
246 1 8 _aStata 10 :
_bmultivariate statistics
246 3 0 _aMultivariate statistics reference manual
260 _aCollege Station, Tex. :
_bStataCorp LP,
_cc2007.
300 _aiv, 621 páginas :
_bilustraciones ;
_c24 x 19 cm.
504 _aIncluye referencias bibliográficas e índice.
630 0 _aStata (Software)
_vGuías, manuales, etc.
650 2 6 _aEstadísticas
_xProcesamiento de datos
650 2 4 _aAnálisis de almacenamiento
650 2 6 _aAnálisis multivariante.
710 2 _aStata Corporation
942 _2ddc
_cLIBRO
999 _c19491
_d19491